| 000 | 00596nam a2200205Ia 4500 | ||
|---|---|---|---|
| 003 | OSt | ||
| 005 | 20250312095615.0 | ||
| 008 | 210210b1995 xxu||||| |||| 00| 0 eng d | ||
| 040 | _cAL | ||
| 041 | _aKannada | ||
| 082 | _aK894.9 ARKK | ||
| 100 |
_aR K & Others, Ed. _9116717 _dಆರ್ ಕೆ ಮತ್ತು ಇತರರು |
||
| 245 |
_aKuvempu sahitya. _bಕುವೆಂಪು ಸಾಹಿತ್ಯ |
||
| 260 |
_aDharavada _bSankramana Prakashana _c1995 |
||
| 300 | _a124 | ||
| 650 |
_aPuttappa K V _9116718 |
||
| 690 |
_aKannada Criticism _9116719 |
||
| 906 | _a050986 | ||
| 942 |
_2ddc _cBK |
||
| 999 |
_c99773 _d99773 |
||